| 000 | 01829 a2200241 4500 | ||
|---|---|---|---|
| 001 | 1969 | ||
| 005 | 20260407155422.0 | ||
| 008 | 260407a2009 arg spa d | ||
| 003 | AR-UNSa-BCEJYS | ||
| 040 |
_aAR-UNSa-BCEJYS _bspa _cAR-UNSa-BCEJYS |
||
| 080 |
_a342.924 _xActos legales. Actos administrativos. (Procesal administrativo) |
||
| 245 | 1 | 0 | _aDerecho procesal administrativo |
| 020 | _a978-987-30-0036-2 | ||
| 264 | 1 |
_aBuenos Aires : _bRubinzal-Culzoni Editores _c2009 |
|
| 300 |
_a3 v. _c22 cm. |
||
| 505 | _aVol. 1: 1. Introducción - 2. Control jurisdiccional de la administración en el derecho comparado - 3. Consideraciones preliminares - 4. El sistema argentino de control jurisdiccional - 5. La jurisdicción - 6. El proceso administrativo - 7. Los tribunales competentes en materia administrativa - 8. La materia procesal administrativa - Vol. 2: 9. El objeto del proceso - 10. Las pretensiones administrativas - 11. De las partes procesales - 12. De la capacidad y postulación procesal - 13. La legitimación - 14. Los presupuestos procesales de la actividad - 15. Diligencias previas en sede judicial - 16. La iniciación del proceso - 17. De las excepciones - Vol. 3: 18. De la prueba en el proceso administrativo - 19. Medios anormales de concluir el proceso - 20. De la sentencia - 21. Los recursos contra la sentencia - 22. Efectos de las sentencias - 23. Ejecución de las sentencias - 24. Medidas cautelares y peticiones afines - 25. El estado como parte actora - 26. Los llamados recursos judiciales directos | ||
| 041 | _aspa | ||
| 942 | _cBK | ||
| 590 | _aniveau_biblio:m niveau_hierar:0 | ||
| 100 | 1 | _aHutchinson, Tomás A. | |
| 700 | 1 | _aUgarte, José Manuel | |
| 856 | 4 | 1 |
_uhttps://biblioeco.unsa.edu.ar/pmb/images/libros/Derecho Procesal Administrativo2-l118262.jpg _yImagen de portada _qimage/jpeg |
| 999 |
_c238 _d238 |
||